00896cam a2200229 a 450000100100000000500170001000800410002702000150006804000290008305000240011208200130013624500680014926000860021730000280030350400640033160000400039565000330043565000330046865000340050171000720053583000590060700001162720200929162516.0961017s1996 sp a b 001 0bspa d a8477902399 aDO-SdBNPbspacLCdBNPHU00aTA140.B43bB47 1996 ann*bnn*00aBetancourt :blos inicios de la ingeniería moderna en Europa. aMadrid :bCentro de Estudios Históricos de Obras Públicas y Urbanismo,c1996. a373 p. :bil. ;c31 cm. aIncluye referencias bibliográficas p. 353-364 e índice.10aBetancourt, Agustin de,d1758-1824. 0aEngineerszSpainxBiography. 0aEngineeringzSpainxHistory. 0aEngineeringzRussiaxHistory.2 aCentro de Estudios Historicos de Obras Publicas y Urbanismo (Spain) 0aColeccion de ciencias, humanidades e ingenieria ;v54.